000 01930nam a22004217a 4500
001 000010124
003 DO-SdBNP
005 20180313144102.0
007 000010124
008 160509b 2004 dr a ||||| |||| 00| 0 spa d
020 _a8482623871
040 _aBPMSU
_bspa
_cBPMSU
092 _a373.54
_bB218q 3ro. 2001
100 1 _aBanks, Moisés
245 1 0 _aQuímica 2 ; tercero de bachillerato :
_b[educación media] /
_cMoisés Banks ... [et al.] ; dirección editorial Obdulia García de Escobar; editora Claudia Llibre; ilustración Ruddy Núñez.
260 _aSanto Domingo :
_bSantillana,
_c2001.
300 _axvi, 167 p. :
_bil. ;
_c28 cm.
490 1 _aUmbral
500 _aEdición anotada para el profesor
500 _aTercero de bachillerato 1er. curso/ Segundo ciclo.
500 _aPrimer curso del segundo ciclo de educación media.
500 _aTercero de bachillerato primer curso del primer segundo ciclo.
500 _aEdición anotada para el profesor
505 _gUnidad 1
_tLos constituyentes basicos para la vida: Hidrógeno, oxígeno y agua --
_tEl hidrógeno--
_gUnidad 2
_tOxígeno --
_gUnidad 3
_tEl agua --
_gUnidad 4
_tLos elementos del bloque S --
_gUnidad 5
_tLos elementos del bloque P --
_gUnidad 6
_tLos elementos del bloque D --
_tRecursos para el trabajo científico --
_gUnidad 7
_tLos elementos del bloque F.
650 4 _aQUÍMICA
_xENSEÑANZA SECUNDARIA
650 4 _aQUÍMICA
_xEDUCACIÓN SECUNDARIA
650 4 _aQUÍMICA
_xESTUDIOS EJERCICIOS
650 4 _aQUÍMICA
_xLIBROS DE TEXTOS
650 4 _aEDUCACIÓN SECUNDARIA
_zREPÚBLICA DOMINICANA
700 1 2 _aGarcía de Escobar, Obdulia,
_e ed.
700 1 2 _aLlibre de Vargas, Claudia,
_eed.
700 1 2 _aNúñez, Ruddy,
_eil.
830 0 _aUmbral
910 _aValidado. Control de calidad MFF
942 _2ddc
_cBK
945 _ainventariado, 2018 / DG
956 _aLOPEREZ
_b10
_c20160905
_hBPMSU
999 _c10046
_d10046